[Event "Scarborough CC Fall Swiss"]
[Site "Toronto CAN"]
[Date "2008.11.27"]
[Round "5"]
[White "Casareno, Erwin"]
[Black "Moysoski, Randy"]
[Result "1-0"]
[WhiteElo "2214"]
[BlackElo "1804"]
[PlyCount "43"]
[GameId "2160767910294579"]
[EventDate "2008.10.30"]
[EventType "swiss"]
[EventRounds "8"]
[EventCountry "CAN"]
[SourceTitle "EXT 2011"]
[Source "ChessBase"]
[SourceDate "2011.11.26"]
[SourceVersion "1"]
[SourceVersionDate "2011.11.26"]
[SourceQuality "1"]

1. e4 d5 2. exd5 Qxd5 3. Nc3 Qd6 4. d4 a6 5. Nf3 b5 6. Bd3 Bb7 7. O-O Nf6 8. Re1 e6 9. a4 b4 10. Ne4 Nxe4 11. Bxe4 c6 12. Ne5 Be7 13. Bf4 Qd8 14. Qh5 Rf8 15. Rad1 Bf6 16. Qxh7 Ke7 17. Qh5 Qe8 18. Nc4 Nd7 19. Bd6+ Kd8 20. Qa5+ Nb6 21. Qxb6+ Kc8 22. Qc7# 1-0

[Event "Scarborough CC Fall Swiss"]
[Site "Toronto CAN"]
[Date "2008.11.27"]
[Round "5"]
[White "Ferreira, Alex"]
[Black "Hall, John2"]
[Result "0-1"]
[WhiteElo "1960"]
[BlackElo "2208"]
[PlyCount "92"]
[GameId "2160767910294580"]
[EventDate "2008.10.30"]
[EventType "swiss"]
[EventRounds "8"]
[EventCountry "CAN"]
[SourceTitle "EXT 2011"]
[Source "ChessBase"]
[SourceDate "2011.11.26"]
[SourceVersion "1"]
[SourceVersionDate "2011.11.26"]
[SourceQuality "1"]

1. e4 e5 2. Nf3 Nf6 3. Nxe5 d6 4. Nf3 Nxe4 5. Nc3 Nxc3 6. dxc3 Be7 7. Be3 Nc6 8. Bb5 O-O 9. O-O Bg4 10. Qd5 Bxf3 11. Qxf3 Qd7 12. Rad1 a6 13. Bxc6 Qxc6 14. Qg4 Bf6 15. Bd4 Bxd4 16. Rxd4 b5 17. Rd3 Rfe8 18. Rg3 g6 19. f4 Qc5+ 20. Kh1 f5 21. Qg5 Qc4 22. Rg1 Qf7 23. h4 Re6 24. h5 Kh8 25. Rh3 Rg8 26. g4 gxh5 27. Qxf5 Qxf5 28. gxf5 Rxg1+ 29. Kxg1 Re4 30. Rxh5 Rxf4 31. Kg2 Kg7 32. Kg3 Rf1 33. Kg4 Rf2 34. Rh3 Rxc2 35. Re3 Kf6 36. Re6+ Kf7 37. Rh6 Kg7 38. Re6 Rxb2 39. Re7+ Kf6 40. Rxh7 Rxa2 41. Rxc7 Ra4+ 42. Kf3 Kxf5 43. Ke3 Rc4 44. Rxc4 bxc4 45. Kd4 a5 46. Kxc4 Ke4 0-1

[Event "Scarborough CC Fall Swiss"]
[Site "Toronto CAN"]
[Date "2008.11.27"]
[Round "5"]
[White "Jizan, Masoud"]
[Black "Beal, Greg"]
[Result "0-1"]
[WhiteElo "1614"]
[BlackElo "1829"]
[PlyCount "116"]
[GameId "2160767910294581"]
[EventDate "2008.10.30"]
[EventType "swiss"]
[EventRounds "8"]
[EventCountry "CAN"]
[SourceTitle "EXT 2011"]
[Source "ChessBase"]
[SourceDate "2011.11.26"]
[SourceVersion "1"]
[SourceVersionDate "2011.11.26"]
[SourceQuality "1"]

1. e4 e5 2. Nf3 Nc6 3. Bc4 Bc5 4. c3 Nf6 5. Ng5 O-O 6. b4 Bb6 7. a4 a5 8. Qb3 Qe7 9. b5 Nd8 10. Ba3 d6 11. O-O h6 12. Nf3 Nxe4 13. Qc2 Ng5 14. Qd1 Qf6 15. Re1 Bg4 16. Be2 Nxf3+ 17. Bxf3 Bxf3 18. Qxf3 Qxf3 19. gxf3 Ne6 20. d3 Nf4 21. Rd1 Rfe8 22. Bc1 Re6 23. Bxf4 exf4 24. d4 Rae8 25. Nd2 d5 26. Kf1 c5 27. Nb3 c4 28. Nc5 Bxc5 29. dxc5 Re5 30. Rd4 Rc8 31. Rad1 Rxc5 32. Rxf4 Kf8 33. Rfd4 Ke7 34. f4 Re4 35. Rxd5 Rxd5 36. Rxd5 b6 37. f5 Rh4 38. Ke2 Rxh2 39. Rd4 Rh5 40. Rxc4 Rxf5 41. Rc6 Re5+ 42. Kd3 Re6 43. Rc7+ Kf6 44. Kd4 h5 45. Kd5 h4 46. c4 h3 47. Rc8 Re5+ 48. Kd6 Rc5 49. Kd7 Rxc8 50. Kxc8 h2 51. Kc7 h1=Q 52. Kxb6 Qa8 53. c5 Ke6 54. c6 Kd6 55. c7 Kd7 56. f4 g6 57. c8=Q+ Kxc8 58. Kc5 f6 0-1

[Event "Scarborough CC Fall Swiss"]
[Site "Toronto CAN"]
[Date "2008.11.27"]
[Round "5"]
[White "Lamb, Bryan"]
[Black "Sellars, Karl"]
[Result "1-0"]
[WhiteElo "2183"]
[BlackElo "2154"]
[PlyCount "91"]
[GameId "2160767910294582"]
[EventDate "2008.10.30"]
[EventType "swiss"]
[EventRounds "8"]
[EventCountry "CAN"]
[SourceTitle "EXT 2011"]
[Source "ChessBase"]
[SourceDate "2011.11.26"]
[SourceVersion "1"]
[SourceVersionDate "2011.11.26"]
[SourceQuality "1"]

1. c4 c5 2. Nc3 Nc6 3. Nf3 g6 4. d4 cxd4 5. Nxd4 Bg7 6. Nc2 Bxc3+ 7. bxc3 f5 8. h4 Nf6 9. h5 Kf7 10. Bg5 d6 11. Bxf6 Kxf6 12. e4 Qa5 13. Qd2 Be6 14. exf5 gxf5 15. Rh3 Kf7 16. Rb1 Ne5 17. Rxb7 Rab8 18. Rxb8 Rxb8 19. Nb4 Nxc4 20. Bxc4 Bxc4 21. Qh6 Ke8 22. Qxh7 Rb5 23. Re3 Re5 24. Qh8+ Kd7 25. Rxe5 dxe5 26. Qb8 Qb6 27. Qxb6 axb6 28. f4 exf4 29. h6 Bg8 30. Nd5 Ke6 31. Nxb6 Kf6 32. a4 Bb3 33. a5 Bc2 34. c4 Be4 35. Nd5+ Kg6 36. Nxe7+ Kxh6 37. Nd5 Bd3 38. Nb6 Be4 39. a6 Bc6 40. a7 Kg5 41. a8=Q Bxa8 42. Nxa8 f3 43. gxf3 Kf4 44. Nb6 Kxf3 45. Kf1 Ke4 46. Na4 1-0

[Event "Scarborough CC Fall Swiss"]
[Site "Toronto CAN"]
[Date "2008.11.27"]
[Round "5"]
[White "Paterson, Jim"]
[Black "Corvo, Paul"]
[Result "1-0"]
[WhiteElo "1843"]
[BlackElo "1765"]
[PlyCount "107"]
[GameId "2160767910294583"]
[EventDate "2008.10.30"]
[EventType "swiss"]
[EventRounds "8"]
[EventCountry "CAN"]
[SourceTitle "EXT 2011"]
[Source "ChessBase"]
[SourceDate "2011.11.26"]
[SourceVersion "1"]
[SourceVersionDate "2011.11.26"]
[SourceQuality "1"]

1. d4 e6 2. e4 d5 3. Nd2 c5 4. exd5 Qxd5 5. Ngf3 cxd4 6. Bc4 Qd6 7. O-O Nf6 8. Nb3 Nc6 9. Nbxd4 Nxd4 10. Nxd4 Qc7 11. Qe2 Bd6 12. h3 a6 13. Bg5 O-O 14. a4 Be5 15. Rad1 Rd8 16. c3 h6 17. Nf3 Rxd1 18. Rxd1 Nd7 19. Nxe5 Qxe5 20. Be7 Qxe2 21. Bxe2 f6 22. Bh5 Kh7 23. Be8 Ne5 24. Bc5 Nc6 25. Bd7 Kg6 26. Be8+ Kh7 27. b4 e5 28. b5 Na5 29. Rd8 Nb3 30. Bb6 axb5 31. Bxb5 Kg6 32. Bd3+ f5 33. g4 e4 34. Bc4 Nc1 35. Bd4 Nd3 36. Rg8 Kg5 37. Rxg7+ Kf4 38. Be3+ Ke5 39. Bxh6 Rxa4 40. Rc7 Be6 41. Bxe6 Kxe6 42. gxf5+ Kxf5 43. Rxb7 Ra1+ 44. Kg2 Ne1+ 45. Kg3 Nf3 46. Rb5+ Kg6 47. Be3 Kf6 48. Kf4 Ra4 49. Rb4 Ra3 50. c4 Ng1 51. h4 Ne2+ 52. Kxe4 Nc3+ 53. Kf4 Ne2+ 54. Kg4 1-0

[Event "Scarborough CC Fall Swiss"]
[Site "Toronto CAN"]
[Date "2008.11.27"]
[Round "5"]
[White "Perez, Michael"]
[Black "Moran-Venegas, Mario"]
[Result "0-1"]
[WhiteElo "1799"]
[BlackElo "1724"]
[PlyCount "50"]
[GameId "2160767910294584"]
[EventDate "2008.10.30"]
[EventType "swiss"]
[EventRounds "8"]
[EventCountry "CAN"]
[SourceTitle "EXT 2011"]
[Source "ChessBase"]
[SourceDate "2011.11.26"]
[SourceVersion "1"]
[SourceVersionDate "2011.11.26"]
[SourceQuality "1"]

1. e4 e5 2. d4 exd4 3. c3 Nf6 4. Bg5 Be7 5. Bxf6 Bxf6 6. cxd4 O-O 7. Be2 c5 8. Nf3 cxd4 9. e5 Bxe5 10. O-O Qf6 11. Nxe5 Qxe5 12. Bd3 Re8 13. Nd2 Nc6 14. Nc4 Qd5 15. Re1 Re6 16. Qb3 b5 17. Nd2 Qxb3 18. Nxb3 a6 19. Nc5 Rxe1+ 20. Rxe1 Kf8 21. Re4 d6 22. Nb3 Bf5 23. Bb1 Bxe4 24. Bxe4 Re8 25. f3 d5 0-1

[Event "Scarborough CC Fall Swiss"]
[Site "Toronto CAN"]
[Date "2008.11.27"]
[Round "5"]
[White "Samaroo, Muneshwar"]
[Black "Rutherdale, William"]
[Result "1/2-1/2"]
[WhiteElo "1646"]
[BlackElo "1756"]
[PlyCount "95"]
[GameId "2160767910294585"]
[EventDate "2008.10.30"]
[EventType "swiss"]
[EventRounds "8"]
[EventCountry "CAN"]
[SourceTitle "EXT 2011"]
[Source "ChessBase"]
[SourceDate "2011.11.26"]
[SourceVersion "1"]
[SourceVersionDate "2011.11.26"]
[SourceQuality "1"]

1. e4 b6 2. Nf3 Bb7 3. Nc3 e6 4. d4 Bb4 5. Be2 Bxe4 6. O-O Bxc3 7. bxc3 Nf6 8. Ba3 d6 9. Ng5 Bc6 10. Bd3 h6 11. Nh3 Nbd7 12. Re1 O-O 13. c4 Bb7 14. c3 c5 15. Bc2 Ba6 16. Bb3 Qc7 17. Rc1 Rfd8 18. Qf3 b5 19. cxb5 Bxb5 20. c4 Ba6 21. Bb2 Bb7 22. d5 a5 23. a4 Qb6 24. Qc3 e5 25. Bc2 Qb4 26. f3 Ba6 27. Bd3 Nb6 28. f4 Nxa4 29. Qxb4 axb4 30. Ba1 Nxd5 31. Be4 Ndc3 32. Bxa8 Rxa8 33. fxe5 dxe5 34. Bxc3 Nxc3 35. Rxe5 Bxc4 36. Rc2 Ra1+ 37. Kf2 b3 38. Rxc3 b2 39. Rxc4 b1=Q 40. Rexc5 Qf1+ 41. Kg3 Ra3+ 42. Kh4 Qxg2 43. Rc3 Rxc3 44. Rxc3 Qxh2 45. Rf3 g5+ 46. Kg4 Kg7 47. Nxg5 hxg5 48. Kxg5 1/2-1/2

[Event "Scarborough CC Fall Swiss"]
[Site "Toronto CAN"]
[Date "2008.12.04"]
[Round "6"]
[White "Beal, Greg"]
[Black "Rutherdale, William"]
[Result "1/2-1/2"]
[WhiteElo "1829"]
[BlackElo "1756"]
[PlyCount "88"]
[GameId "2160767910294586"]
[EventDate "2008.10.30"]
[EventType "swiss"]
[EventRounds "8"]
[EventCountry "CAN"]
[SourceTitle "EXT 2011"]
[Source "ChessBase"]
[SourceDate "2011.11.26"]
[SourceVersion "1"]
[SourceVersionDate "2011.11.26"]
[SourceQuality "1"]

1. e4 c6 2. d4 d5 3. Nc3 dxe4 4. Nxe4 Bf5 5. Ng3 Bg6 6. h4 h6 7. h5 Bh7 8. Bd3 Bxd3 9. Qxd3 Nf6 10. Nf3 e6 11. Bf4 Na6 12. O-O-O Nd5 13. Be5 Nab4 14. Qb3 f6 15. a3 fxe5 16. axb4 Qc7 17. Nxe5 O-O-O 18. Ne4 Bd6 19. Nxd6+ Rxd6 20. g3 Rf8 21. f4 Nf6 22. Qe3 Re8 23. Kb1 Rdd8 24. c4 Kb8 25. Qf3 Qb6 26. Qe3 Qxb4 27. Rd3 Qb6 28. Rb3 Qc7 29. Rc1 Ka8 30. g4 Nd7 31. Nf3 Nf6 32. Ne5 Nd7 33. Nf7 Rb8 34. Ra3 Re7 35. Rxa7+ Kxa7 36. Qa3+ Kb6 37. Qb4+ Ka6 38. Qa4+ Qa5 39. Qxa5+ Kxa5 40. Nd6 Nf6 41. c5 Kb4 42. Rc4+ Kb3 43. Rc3+ Ka4 44. Kc2 Nd5 1/2-1/2

[Event "Scarborough CC Fall Swiss"]
[Site "Toronto CAN"]
[Date "2008.12.04"]
[Round "6"]
[White "Derraugh, Geordie"]
[Black "Paterson, Jim"]
[Result "1-0"]
[WhiteElo "2087"]
[BlackElo "1843"]
[PlyCount "72"]
[GameId "2160767910294587"]
[EventDate "2008.10.30"]
[EventType "swiss"]
[EventRounds "8"]
[EventCountry "CAN"]
[SourceTitle "EXT 2011"]
[Source "ChessBase"]
[SourceDate "2011.11.26"]
[SourceVersion "1"]
[SourceVersionDate "2011.11.26"]
[SourceQuality "1"]

1. e4 Nf6 2. e5 Nd5 3. d4 d6 4. c4 Nb6 5. exd6 cxd6 6. Nc3 Nc6 7. h3 e5 8. Nf3 Be7 9. d5 Nb4 10. a3 Na6 11. b4 O-O 12. Bb2 Bf5 13. Be2 Rc8 14. Qb3 Kh8 15. O-O Qc7 16. Nb5 Qb8 17. Rfd1 Bd7 18. a4 f6 19. Rac1 Na8 20. Ba3 b6 21. Qe3 N6c7 22. Rd2 Bxb5 23. axb5 Qb7 24. Bd3 f5 25. Nxe5 dxe5 26. Qxe5 Nxd5 27. Bxf5 Rxf5 28. Qxf5 Nf6 29. Re2 Rf8 30. Rce1 Bd8 31. Re8 Qf7 32. Rxf8+ Qxf8 33. Qc8 Nc7 34. Rd1 Be7 35. Qxc7 Ne4 36. f4 h6 1-0

[Event "Scarborough CC Fall Swiss"]
[Site "Toronto CAN"]
[Date "2008.12.04"]
[Round "6"]
[White "Hall, John2"]
[Black "Lamb, Bryan"]
[Result "1/2-1/2"]
[WhiteElo "2208"]
[BlackElo "2183"]
[PlyCount "100"]
[GameId "2160767910294588"]
[EventDate "2008.10.30"]
[EventType "swiss"]
[EventRounds "8"]
[EventCountry "CAN"]
[SourceTitle "EXT 2011"]
[Source "ChessBase"]
[SourceDate "2011.11.26"]
[SourceVersion "1"]
[SourceVersionDate "2011.11.26"]
[SourceQuality "1"]

1. d4 f5 2. Nc3 Nf6 3. Bg5 e6 4. e4 fxe4 5. Nxe4 Be7 6. Bxf6 Bxf6 7. Nf3 b6 8. Bd3 Nc6 9. c3 Bb7 10. Qd2 Qe7 11. O-O-O O-O-O 12. Rhe1 h6 13. Kb1 g5 14. Nxf6 Qxf6 15. Be4 Ne7 16. Bxb7+ Kxb7 17. Ne5 Ng6 18. Nxg6 Qxg6+ 19. Qd3 Qxd3+ 20. Rxd3 Rdf8 21. f3 Rf5 22. Rde3 Rhf8 23. h3 c5 24. Re4 Rf4 25. dxc5 bxc5 26. Kc2 Kc6 27. Kd3 R8f6 28. b4 Rxe4 29. Rxe4 d5 30. Re1 cxb4 31. cxb4 Kd6 32. Rc1 Rf8 33. Rc5 Rb8 34. a3 a6 35. Ra5 Rb6 36. Rc5 h5 37. Rc8 Ke5 38. g3 a5 39. bxa5 Rb7 40. Rc3 Rb5 41. a4 Rxa5 42. Ra3 h4 43. gxh4 gxh4 44. Ke3 Kf5 45. f4 d4+ 46. Kxd4 Kxf4 47. Kd3 e5 48. Ke2 e4 49. Kf2 e3+ 50. Rxe3 Rxa4 1/2-1/2

[Event "Scarborough CC Fall Swiss"]
[Site "Toronto CAN"]
[Date "2008.12.04"]
[Round "6"]
[White "Manalo, Pepin"]
[Black "Ferreira, Alex"]
[Result "0-1"]
[WhiteElo "1825"]
[BlackElo "1960"]
[PlyCount "58"]
[GameId "2160767910294589"]
[EventDate "2008.10.30"]
[EventType "swiss"]
[EventRounds "8"]
[EventCountry "CAN"]
[SourceTitle "EXT 2011"]
[Source "ChessBase"]
[SourceDate "2011.11.26"]
[SourceVersion "1"]
[SourceVersionDate "2011.11.26"]
[SourceQuality "1"]

1. e4 c5 2. Nf3 a6 3. c4 Nc6 4. d4 cxd4 5. Nxd4 e5 6. Nb3 Qh4 7. Qf3 Nf6 8. Bd3 Bb4+ 9. Bd2 d6 10. h3 Bxd2+ 11. N1xd2 O-O 12. O-O-O a5 13. a4 Nb4 14. g3 Qh6 15. Bf1 Bd7 16. Bg2 Bxa4 17. Qf5 Bd7 18. Qf3 Bc6 19. Kb1 b5 20. Qc3 bxc4 21. Qxc4 Rfc8 22. Qe2 a4 23. Nc1 a3 24. bxa3 Nc2 25. Nc4 Nd4 26. Qd3 Bb5 27. Qe3 Bxc4 28. f4 Rcb8+ 29. Ka1 Nc2# 0-1

[Event "Scarborough CC Fall Swiss"]
[Site "Toronto CAN"]
[Date "2008.12.04"]
[Round "6"]
[White "Morrison, Kyle"]
[Black "Villalobos, Oscar"]
[Result "1-0"]
[WhiteElo "2244"]
[BlackElo "2044"]
[PlyCount "69"]
[GameId "2160767910294590"]
[EventDate "2008.10.30"]
[EventType "swiss"]
[EventRounds "8"]
[EventCountry "CAN"]
[SourceTitle "EXT 2011"]
[Source "ChessBase"]
[SourceDate "2011.11.26"]
[SourceVersion "1"]
[SourceVersionDate "2011.11.26"]
[SourceQuality "1"]

1. d4 Nf6 2. Nf3 g6 3. c4 Bg7 4. Nc3 d6 5. e4 O-O 6. Be2 e5 7. O-O Nc6 8. d5 Ne7 9. b4 Nh5 10. Re1 f5 11. Ng5 Nf4 12. Bxf4 exf4 13. Rc1 h6 14. Ne6 Bxe6 15. dxe6 Nc6 16. exf5 Bxc3 17. Rxc3 Rxf5 18. Bd3 Rf6 19. Be4 Rb8 20. Bxc6 bxc6 21. e7 Qd7 22. b5 Re6 23. bxc6 Rxe1+ 24. Qxe1 Qxe7 25. Qd1 Qe4 26. h4 f3 27. Rb3 Rxb3 28. Qxb3 Qe1+ 29. Kh2 Qxf2 30. Qb8+ Kf7 31. Qxc7+ Ke6 32. Qd7+ Ke5 33. Qe7+ Kd4 34. Qxa7+ Kxc4 35. Qxf2 1-0

[Event "Scarborough CC Fall Swiss"]
[Site "Toronto CAN"]
[Date "2008.12.04"]
[Round "6"]
[White "Moysoski, Randy"]
[Black "Krupka, David"]
[Result "1-0"]
[WhiteElo "1804"]
[BlackElo "2262"]
[PlyCount "65"]
[GameId "2160767910294591"]
[EventDate "2008.10.30"]
[EventType "swiss"]
[EventRounds "8"]
[EventCountry "CAN"]
[SourceTitle "EXT 2011"]
[Source "ChessBase"]
[SourceDate "2011.11.26"]
[SourceVersion "1"]
[SourceVersionDate "2011.11.26"]
[SourceQuality "1"]

1. e4 c6 2. d4 d5 3. Nc3 dxe4 4. Nxe4 Nf6 5. Ng5 Bf5 6. Bc4 e6 7. Ne2 Nd5 8. Ng3 Bg6 9. c3 Nd7 10. O-O Be7 11. f4 O-O 12. a3 Rc8 13. Ba2 b5 14. Qf3 N7b6 15. Kh1 c5 16. dxc5 Rxc5 17. N5e4 Rc7 18. f5 exf5 19. Nxf5 Nc4 20. Neg3 Ndb6 21. Nd4 a6 22. Bf4 Bd6 23. Rf2 Bxf4 24. Qxf4 Qd6 25. Qg5 Qe5 26. Qh4 Nd5 27. Re2 Qf4 28. Qh3 Nce3 29. Kg1 Qg4 30. Bxd5 Qxh3 31. Bxf7+ Bxf7 32. gxh3 Nc4 33. Ngf5 1-0

[Event "Scarborough CC Fall Swiss"]
[Site "Toronto CAN"]
[Date "2008.12.04"]
[Round "6"]
[White "Sellars, Karl"]
[Black "Casareno, Erwin"]
[Result "0-1"]
[WhiteElo "2154"]
[BlackElo "2214"]
[PlyCount "54"]
[GameId "2160767910294592"]
[EventDate "2008.10.30"]
[EventType "swiss"]
[EventRounds "8"]
[EventCountry "CAN"]
[SourceTitle "EXT 2011"]
[Source "ChessBase"]
[SourceDate "2011.11.26"]
[SourceVersion "1"]
[SourceVersionDate "2011.11.26"]
[SourceQuality "1"]

1. d4 d5 2. c4 c6 3. Nf3 Nf6 4. Nc3 e6 5. Bg5 dxc4 6. e4 b5 7. e5 h6 8. Bh4 g5 9. Nxg5 hxg5 10. Bxg5 Nbd7 11. exf6 Qa5 12. Be2 b4 13. Ne4 Ba6 14. O-O O-O-O 15. Qc2 Nb6 16. b3 Rxd4 17. g3 Qf5 18. f3 Rxe4 19. Qxe4 Bc5+ 20. Kh1 Qxg5 21. bxc4 Bb7 22. Kg2 Qxf6 23. Rfd1 Na4 24. Qd3 Nc3 25. Re1 Bd4 26. Rac1 Nxa2 27. Rc2 Nc3 0-1

[Event "Scarborough CC Fall Swiss"]
[Site "Toronto CAN"]
[Date "2008.12.04"]
[Round "6"]
[White "Wilker, Marcus"]
[Black "Rapoport, Alexander"]
[Result "1/2-1/2"]
[WhiteElo "1832"]
[BlackElo "1895"]
[PlyCount "56"]
[GameId "2160767910294593"]
[EventDate "2008.10.30"]
[EventType "swiss"]
[EventRounds "8"]
[EventCountry "CAN"]

1. d4 d5 2. c4 e6 3. Nc3 c6 4. e3 f5 5. g4 fxg4 6. Qxg4 Nf6 7. Qg2 Na6 8. Bd2 Nb4 9. O-O-O Bd7 10. c5 a5 11. a3 b6 12. Na4 bxc5 13. Nxc5 Bxc5 14. dxc5 Na6 15. Bxa6 Rxa6 16. Bc3 Qe7 17. Nf3 Rg8 18. Kb1 Ne4 19. Bd4 Nxc5 20. Ng5 e5 21. Bxc5 Qxc5 22. Nxh7 Bf5+ 23. Ka1 Bxh7 24. Qh3 Kf7 25. Qxh7 Qd6 26. Qf5+ Qf6 27. Qd7+ Qe7 28. Qf5+ Qf6 1/2-1/2

[Event "Scarborough CC Fall Swiss"]
[Site "Toronto CAN"]
[Date "2008.12.11"]
[Round "7"]
[White "Ferreira, Alex"]
[Black "Moysoski, Randy"]
[Result "1-0"]
[WhiteElo "1960"]
[BlackElo "1804"]
[PlyCount "95"]
[GameId "2160767910294594"]
[EventDate "2008.10.30"]
[EventType "swiss"]
[EventRounds "8"]
[EventCountry "CAN"]
[SourceTitle "EXT 2011"]
[Source "ChessBase"]
[SourceDate "2011.11.26"]
[SourceVersion "1"]
[SourceVersionDate "2011.11.26"]
[SourceQuality "1"]

1. e4 d5 2. Nc3 d4 3. Nce2 c5 4. d3 Nc6 5. f4 g6 6. Nf3 Bg7 7. Ng3 h5 8. e5 Nh6 9. Bd2 Bg4 10. Be2 Qb6 11. O-O Nb4 12. c3 Nc6 13. Ng5 c4 14. Kh1 cxd3 15. Bf3 dxc3 16. bxc3 Nf5 17. Nxf5 Bxf5 18. Rb1 Qc7 19. Qb3 Nd8 20. Bd5 O-O 21. e6 f6 22. Nf3 Rb8 23. Nh4 Bg4 24. Nxg6 Kh7 25. Nxf8+ Kg8 26. Nd7 Rc8 27. f5 Qa5 28. Rf4 b5 29. a4 a6 30. Qb4 Qxb4 31. Rfxb4 Bxf5 32. axb5 axb5 33. Rxb5 Bxe6 34. Bxe6+ Nxe6 35. Rb8 Rxb8 36. Rxb8+ Kf7 37. c4 Nd4 38. Kg1 f5 39. Kf2 Nc6 40. Ke3 Nxb8 41. Nxb8 e5 42. Kxd3 e4+ 43. Kc2 Be5 44. Nc6 Bxh2 45. Kd1 Bg1 46. Ke2 Ke6 47. Be3 Bh2 48. Nd4+ 1-0

[Event "Scarborough CC Fall Swiss"]
[Site "Toronto CAN"]
[Date "2008.12.11"]
[Round "7"]
[White "Jizan, Masoud"]
[Black "Maister, Martin"]
[Result "0-1"]
[WhiteElo "1614"]
[BlackElo "1756"]
[PlyCount "106"]
[GameId "2160767910294595"]
[EventDate "2008.10.30"]
[EventType "swiss"]
[EventRounds "8"]
[EventCountry "CAN"]
[SourceTitle "EXT 2011"]
[Source "ChessBase"]
[SourceDate "2011.11.26"]
[SourceVersion "1"]
[SourceVersionDate "2011.11.26"]
[SourceQuality "1"]

1. e4 c5 2. f4 Nc6 3. Nf3 Nf6 4. Nc3 d6 5. Bc4 a6 6. a4 e6 7. O-O Be7 8. d4 cxd4 9. Nxd4 Qb6 10. e5 dxe5 11. fxe5 Nxe5 12. a5 Qa7 13. Bb3 Bc5 14. Nce2 Nc6 15. c3 e5 16. Qe1 O-O 17. Rxf6 exd4 18. Kh1 gxf6 19. Bh6 Kh8 20. Qh4 Be7 21. Bxf8 Bxf8 22. Qxf6+ Bg7 23. Qxf7 Bg4 24. Nf4 b5 25. Qd5 Qd7 26. Qg5 Qf5 27. Qxf5 Bxf5 28. Bd5 dxc3 29. bxc3 Rc8 30. Re1 Nxa5 31. Re7 Bxc3 32. g4 Bg6 33. h4 Bb4 34. Ra7 Re8 35. h5 Be4+ 36. Bxe4 Rxe4 37. Ra8+ Kg7 38. Ra7+ Kh6 39. Rxa6+ Kg5 40. Nh3+ Kh4 41. Nf2 Re2 42. Nd3 Kg3 43. Kg1 Rd2 44. Kf1 Rxd3 45. Ke2 Rb3 46. g5 Kg4 47. g6 Rb2+ 48. Kd3 hxg6 49. hxg6 Rd2+ 50. Ke4 Bc3 51. g7 Rd4+ 52. Ke5 Rd7+ 53. Ke4 Rxg7 0-1

[Event "Scarborough CC Fall Swiss"]
[Site "Toronto CAN"]
[Date "2008.12.11"]
[Round "7"]
[White "Kurkowski, Ken"]
[Black "Wu, Kevin"]
[Result "0-1"]
[WhiteElo "1624"]
[BlackElo "1917"]
[PlyCount "62"]
[GameId "2160767910294596"]
[EventDate "2008.10.30"]
[EventType "swiss"]
[EventRounds "8"]
[EventCountry "CAN"]
[SourceTitle "EXT 2011"]
[Source "ChessBase"]
[SourceDate "2011.11.26"]
[SourceVersion "1"]
[SourceVersionDate "2011.11.26"]
[SourceQuality "1"]

1. d4 Nf6 2. c4 g6 3. Nc3 Bg7 4. e4 d6 5. Nf3 O-O 6. Be2 Nbd7 7. O-O c5 8. d5 Nb6 9. h3 Nfd7 10. Bf4 f5 11. Qd2 Ne5 12. Nxe5 Bxe5 13. Bxe5 dxe5 14. Rad1 f4 15. b3 Rf6 16. Bg4 Bxg4 17. hxg4 f3 18. Qg5 Nd7 19. Rd3 fxg2 20. Kxg2 Qf8 21. Rh3 Rf4 22. f3 Qf6 23. Qh6 Qf7 24. Rfh1 Nf8 25. Nb5 Rc8 26. d6 Rd8 27. Nc7 Rxd6 28. Nd5 e6 29. Nxf4 exf4 30. a4 Qf6 31. R3h2 Rd3 0-1

[Event "Scarborough CC Fall Swiss"]
[Site "Toronto CAN"]
[Date "2008.12.11"]
[Round "7"]
[White "Lamb, Bryan"]
[Black "Casareno, Erwin"]
[Result "0-1"]
[WhiteElo "2183"]
[BlackElo "2214"]
[PlyCount "78"]
[GameId "2160767910294597"]
[EventDate "2008.10.30"]
[EventType "swiss"]
[EventRounds "8"]
[EventCountry "CAN"]
[SourceTitle "EXT 2011"]
[Source "ChessBase"]
[SourceDate "2011.11.26"]
[SourceVersion "1"]
[SourceVersionDate "2011.11.26"]
[SourceQuality "1"]

1. e4 c5 2. Nc3 e6 3. Nge2 Nc6 4. g3 g6 5. d4 cxd4 6. Nxd4 a6 7. Bg2 Bg7 8. Be3 Nge7 9. Qd2 Qa5 10. Nb3 Qc7 11. Bh6 Bf6 12. Bg5 Bg7 13. O-O-O Ne5 14. Rhe1 Nc4 15. Qd3 f6 16. Bf4 Ne5 17. Qd2 g5 18. Bxe5 Qxe5 19. f4 gxf4 20. gxf4 Qc7 21. Bf3 Bh6 22. Bh5+ Kf8 23. Rf1 Ng6 24. e5 Nxe5 25. Qd4 Ke7 26. Qb4+ d6 27. Kb1 Nc6 28. Qe4 Kf8 29. Rg1 Qe7 30. Nd4 d5 31. Nxc6 bxc6 32. Qd3 Bxf4 33. Ne4 Rb8 34. Rg4 e5 35. Rxf4 exf4 36. Nc3 Qe5 37. Bf3 Rb6 38. b3 Bf5 39. Qd2 Qe3 0-1

[Event "Scarborough CC Fall Swiss"]
[Site "Toronto CAN"]
[Date "2008.12.11"]
[Round "7"]
[White "Rapoport, Alexander"]
[Black "Armstrong, Robert J"]
[Result "1/2-1/2"]
[WhiteElo "1895"]
[BlackElo "1832"]
[PlyCount "92"]
[GameId "2160767910294598"]
[EventDate "2008.10.30"]
[EventType "swiss"]
[EventRounds "8"]
[EventCountry "CAN"]

1. Nf3 g6 2. e4 Bg7 3. Bc4 d6 4. O-O Nf6 5. d3 O-O 6. h3 Nc6 7. c3 a6 8. Be3 Na5 9. Nbd2 b5 10. Bb3 Nxb3 11. axb3 e5 12. c4 Bd7 13. Qc2 c5 14. Rfc1 b4 15. Nf1 Nh5 16. Bd2 f5 17. Bg5 Bf6 18. h4 fxe4 19. dxe4 Bxg5 20. hxg5 Rxf3 21. gxf3 Qxg5+ 22. Ng3 Bh3 23. f4 exf4 24. Qd3 fxg3 25. fxg3 Rf8 26. Qd5+ Qxd5 27. exd5 Rf3 28. Rxa6 Nxg3 29. Re1 Nf5 30. Kh2 Bf1 31. Ra7 Kf8 32. Rxh7 Nd4 33. Ra1 Kg8 34. Raa7 Rf5 35. Rhg7+ Kf8 36. Rgd7 Kg8 37. Rxd6 Nxb3 38. Rxg6+ Kf8 39. Rb6 Rf7 40. Ra8+ Kg7 41. d6 Bxc4 42. Re8 Rd7 43. Rc6 Kf6 44. Re3 Bd5 45. Rb6 Nd4 46. Rd3 Ke5 1/2-1/2

[Event "Scarborough CC Fall Swiss"]
[Site "Toronto CAN"]
[Date "2008.12.11"]
[Round "7"]
[White "Rutherdale, William"]
[Black "Mesiti, Silvano"]
[Result "1/2-1/2"]
[WhiteElo "1756"]
[BlackElo "1758"]
[PlyCount "77"]
[GameId "2160767910294599"]
[EventDate "2008.10.30"]
[EventType "swiss"]
[EventRounds "8"]
[EventCountry "CAN"]
[SourceTitle "EXT 2011"]
[Source "ChessBase"]
[SourceDate "2011.11.26"]
[SourceVersion "1"]
[SourceVersionDate "2011.11.26"]
[SourceQuality "1"]

1. d4 d5 2. c4 dxc4 3. e4 e6 4. Bxc4 Bb4+ 5. Nc3 Nf6 6. Bg5 Be7 7. Nf3 O-O 8. O-O c6 9. Qb3 Nbd7 10. Rad1 Nb6 11. Bd3 Ne8 12. Bf4 Nf6 13. Bb1 Nh5 14. Be3 g6 15. Bh6 Re8 16. Rfe1 Bf8 17. Bxf8 Rxf8 18. Re3 Nf6 19. Ne5 Qe7 20. Rg3 Nh5 21. Rf3 Nf6 22. Ne2 Nh5 23. Qe3 f5 24. Nf4 Nxf4 25. Rxf4 Nd7 26. exf5 exf5 27. Bc2 Kg7 28. Qc3 Nf6 29. Re1 Qd6 30. Bb3 Re8 31. Qc4 Be6 32. Qc2 Bd5 33. f3 Re7 34. Kf2 Rae8 35. g3 Nh5 36. Rh4 Nf6 37. Bxd5 Nxd5 38. Qd2 h5 39. Qg5 1/2-1/2